| Tag |
First Indicator |
Second Indicator |
Subfields |
| LEADER |
00000cam a2200000Ka 4500 |
| 001 |
in00002484591 |
| 005 |
20211202191851.0 |
| 006 |
m d f |
| 008 |
090616s2007 mdu s f000 0 eng d |
| 035 |
|
|
|a (OCoLC)ocn401395590
|
| 040 |
|
|
|a GPO
|c GPO
|d MvI
|d UtOrBLW
|
| 049 |
|
|
|a WWW
|
| 074 |
|
|
|a 0507-B-05 (online)
|
| 086 |
0 |
|
|a HE 20.8102:D 44/27/2007
|
| 245 |
0 |
0 |
|a Depression, easy to read.
|
| 250 |
|
|
|a Rev. 2007.
|
| 264 |
|
1 |
|a [Bethesda, Md.] :
|b National Institute of Mental Health,
|c 2007.
|
| 300 |
|
|
|a 20 unnumbered pages :
|b digital, PDF file.
|
| 336 |
|
|
|a text
|b txt
|2 rdacontent
|
| 337 |
|
|
|a computer
|b c
|2 rdamedia
|
| 338 |
|
|
|a unspecified
|b zu
|2 rdacarrier
|
| 490 |
1 |
|
|a NIH publication ;
|v no. 07-5084
|
| 538 |
|
|
|a Mode of access: Internet from the NIMH web site. Address as of 6/16/09: http://www.nimh.nih.gov/health/publications/depression-easy-to-read/depression-easy-to-read.pdf ; current access available via PURL.
|
| 500 |
|
|
|a Title from title screen (viewed June 16, 2009).
|
| 500 |
|
|
|a Electronic resource.
|
| 650 |
|
0 |
|a Depression, Mental
|x Treatment.
|
| 650 |
|
0 |
|a Depression, Mental
|x Diagnosis.
|
| 776 |
0 |
|
|t Depression, easy to read
|h 15 p.
|w (OCoLC)251512807
|
| 710 |
2 |
|
|a National Institute of Mental Health (U.S.)
|
| 830 |
|
0 |
|a NIH publication ;
|v no. 07-5084.
|
| 856 |
4 |
0 |
|u https://purl.fdlp.gov/GPO/LPS113806
|t 0
|
| 999 |
|
|
|a MARS
|
| 999 |
f |
f |
|s f6de5b59-2b1c-324c-95cf-617616af3c43
|i 27eba5a7-6764-30f6-afd5-c3805bf06ece
|t 0
|
| 952 |
f |
f |
|a Texas A&M University
|b College Station
|c Electronic Resources
|d Available Online
|t 0
|e HE 20.8102:D 44/27/2007
|h Superintendent of Documents classification
|
| 998 |
f |
f |
|a HE 20.8102:D 44/27/2007
|t 0
|l Available Online
|